Synthesis and characterization of polysaccharides- based formulations as potential drug carriers for Chemotherapy, hematoid Arthritis treatment and wound healing. (Record no. 752998)

MARC details
000 -LEADER
fixed length control field 00461nam a2200109 4500
084 ## - OTHER CLASSIFICATION NUMBER
Source of Number Colon Classification
Classification number E688:(LZ30bL:4:6)
100 ## - MAIN ENTRY--AUTHOR NAME
Personal name SURIYA ,R
245 ## - TITLE STATEMENT
Title Synthesis and characterization of polysaccharides- based formulations as potential drug carriers for Chemotherapy, hematoid Arthritis treatment and wound healing.
260 ## - PUBLICATION, DISTRIBUTION, ETC. (IMPRINT)
Place of publication Thiruvananthapuram,
Name of publisher Dept. of Chemistry, University of Kerala,
Year of publication 2025
942 ## - ADDED ENTRY ELEMENTS (KOHA)
Source of classification or shelving scheme Colon Classification
Koha item type PhD Thesis
Holdings
Withdrawn status Lost status Source of classification or shelving scheme Damaged status Not for loan Collection code Home Library Current Location Shelving location Date acquired Full call number Accession Number Price effective from Koha item type
    Colon Classification     Reference Kerala University Library Kerala University Library Thesis 06/11/2025 E688:(LZ30bL:4:6) R5 (RT) G46202 06/11/2025 PhD Thesis